| 000 | 01543nam a2200229Ia 4500 | ||
|---|---|---|---|
| 003 | Ost | ||
| 005 | 20260507075452.0 | ||
| 008 | 260507s9999||||xx |||||||||||||| ||und|| | ||
| 040 | _cfsecg | ||
| 041 | _aara | ||
| 082 | _a658.401 | ||
| 100 |
_aيعقوب، عبد الكريم _eمؤلف |
||
| 245 | 0 |
_aدراسات جدوى المشروع / _c عبد الكريم يعقوب |
|
| 250 | _aطبعة 1 | ||
| 260 |
_aعمان: _bدار اسامة, _c2008 |
||
| 300 |
_a240 صفحة؛ _c24 سم |
||
| 504 | _aبيبليوغرافيا ص. 238 | ||
| 520 | _aتحظى دراسات جدوى المشروع بأهمية بالغة لأن أي مشروع يعتمد على إتباع أساليب علمية منظمة، حيث اهتم هذا الكتاب بدراسة الجدوى الاقتصادية و الأهداف المنشودة من هذا المشروع ومكونات دراسات جدوى المشروعثم كيفية اختيار المشروع المناسب المقترن بمصادر افكاره وتحديده واعداده ودورته وكيفية عمل دراسات الجدوى-جوانب تقييم المشروع من الناحية المالية-دراسة الجدوى المالية والاقتصادية للمشروع من منظور الاقتصاد القومي وتخطيط الاستثمارات والجدوى الاقتصادية للبحث العلمي ونظام البناء والتشغيل | ||
| 653 | _aإدارة المشروعات | ||
| 653 | _aدراسات الجدوى | ||
| 942 | _cكتاب | ||
| 999 |
_c44639 _d44639 |
||